TV of The Simpsons Trivia - Statistics

General Stats
  • This quiz has been taken 27 times
  • The average score is 5 of 20
Answer Stats
Hint Answer % Correct
Homer’s character on The Itchy and Scratchy Show Poochie
90%
Patty and Selma’s favourite show MacGyver
81%
Host of ‘I Can’t Believe They Invented It’ Troy McClure
67%
Abe’s favourite show Matlock
62%
Theme tune, parody of ‘Bad Boys’ Bad Cops
48%
‘The crime solving boat’ Knightboat
29%
‘Little sissy boy’ in McGarnigal Billy
24%
Krusty’s secret word for the day, causes wolf escape Loud
24%
“But I’ll miss…” “Bring back…” Sheriff Lobo
24%
Soap, featuring Dr. Tad Winslow It Never Ends
19%
Poorly titled Krusty show at the Apollo Theater Krusty Komedy Klassic
19%
Britain’s ‘longest running series’, with 7 episodes Do Shut Up
14%
Fox show, filmed in Ann Taylor’s dressing room Peepin' it Real!
10%
Smithers: "What, already?" Burns: Yes
10%
Original title of ‘Police Cops’ Badge Patrol
5%
Cyborg that works for the NYPD, then a modelling agency Cyborganizer
5%
“Tonight, ‘When Dinosaurs…’” Get Drunk
5%
Buck McCoy’s detective show McTrigger
5%
American football show, featuring Jerry and Al Pigskin Preview
5%
Talk show, featuring 'music guy' Scoey Up Late with McBain
5%
No matching quizzes found
Score Distribution
Percent of People with Each Score
Percentile by Number Answered
Your Score History
You have not taken this quiz